000 00527nam a2200193 a 4500
001 30548
005 20180713233801.0
008 140415s1986 mx 000 0 spa d
020 _a9684512724
041 _aspa
082 _a658
_bKEN
100 1 _aJ. ALBERT, KENNETH
245 1 0 _aMANUAL DE ADMINISTRACION DE EMPRESAS
250 _a1ª EDICIÓN
260 _aMEXICO :
_bMC GRAW HILL,
_c1986
300 _a783
_c17 x 2 x 24
650 1 4 _aADMINISTRACION
740 _aHANBOOK OF BUSINESS PROBLEM SOLVING
999 _c30548
_d30548